Giuseppe Arcimboldo, 1527-1593

Saved in:
Bibliographic Details
Main Author: Kriegeskorte, Werner (Author)
Format: Book
Language:Spanish
Published: Colonia Taschen 2002
Subjects:
Tags: Add Tag
No Tags, Be the first to tag this record!

MARC

LEADER 00000nam a2200000 a 4500
001 UCG7076
003 CL-VaPUC
008 110617e20020000GW |||||||||||||||||spa|d
020 |a 3822808415 
082 0 4 |a 750  |b KRI  |2 21 
100 |a Kriegeskorte, Werner  |e author  |9 557585 
245 1 0 |a Giuseppe Arcimboldo, 1527-1593 
300 |a 79 p 
942 |c BK 
945 |d 20110617 00:00:00  |a dcastane 
260 |a Colonia  |b Taschen  |c 2002 
600 0 7 |a ARCIMBOLDO, GIUSEPPE  |2 CL-VaPUC  |9 266313 
650 0 |a Pintura  |9 265046 
650 0 |a Pintura italiana  |9 265293 
650 0 |a Pintores italianos  |9 265277 
650 0 |a Pintura renacentista  |9 266314 
583 |a last modification  |c 20110617 00:00:00  |k Rodrigo Vera 
999 |c 345141  |d 345139 
952 |0 0  |1 0  |4 0  |6 750_000000000000000_KRI_2002  |7 0  |8 C  |9 443610  |a BIBCUR  |b BIBCUR  |d 2019-11-22  |i 478474K  |o 750 KRI 2002  |p 478474K  |r 2025-04-22  |w 2019-11-22  |y BK  |k CAC